[Event "SR Extraliga 2016/2017"]
[Site "?"]
[Date "2017.03.25"]
[Round "10.1"]
[White "Navara, David"]
[Black "Erdos, Viktor"]
[Result "1/2-1/2"]
[WhiteElo "2728"]
[BlackElo "2596"]
[PlyCount "96"]
[EventDate "2016.??.??"]

1. e4 e5 2. Nf3 Nc6 3. Bb5 a6 4. Ba4 Nf6 5. O-O Be7 6. Re1 b5 7. Bb3 d6 8. c3
O-O 9. h3 Re8 10. d4 Bb7 11. Nbd2 Bf8 12. Bc2 g6 13. d5 Nb8 14. c4 c6 15. b3
Qc7 16. a4 bxc4 17. bxc4 a5 18. Nf1 Na6 19. Bg5 Be7 20. Qd2 Nb4 21. Bb1 Nd7 22.
Bxe7 Rxe7 23. Ne3 Kh8 24. Ra3 Nf6 25. Ng4 Ng8 26. Nh4 Rf8 27. Kh2 Bc8 28. Nh6
f6 29. c5 Rg7 30. Nxg8 Rfxg8 31. dxc6 dxc5 32. Rc3 g5 33. Nf5 Bxf5 34. exf5
Qxc6 35. Be4 Qb6 36. Rec1 Rc7 37. Qe3 Rgc8 38. h4 gxh4 39. Qh6 Qd6 40. Qxh4 c4
41. Rg3 c3 42. Bc2 Nxc2 43. Rxc2 Qe7 44. Qh3 e4 45. Kg1 Qd7 46. Qh6 Qe7 47. Qh3
Qd7 48. Qh6 Qe7 1/2-1/2

[Event "SR Extraliga 2016/2017"]
[Site "?"]
[Date "2017.03.25"]
[Round "10.2"]
[White "Vajda, Levente"]
[Black "Markos, Jan"]
[Result "1-0"]
[WhiteElo "2594"]
[BlackElo "2564"]
[PlyCount "165"]
[EventDate "2016.??.??"]

1. e4 c5 2. c3 Nf6 3. e5 Nd5 4. d4 cxd4 5. Nf3 d6 6. cxd4 Nc6 7. Bc4 Nb6 8. Bb5
dxe5 9. Nxe5 Bd7 10. Nxd7 Qxd7 11. Nc3 e6 12. O-O Be7 13. Qg4 O-O 14. Bxc6 bxc6
15. Bh6 Bf6 16. Rad1 Kh8 17. Ne4 Qe7 18. Bf4 Rad8 19. Qg3 Rg8 20. Bd6 Qd7 21.
Bc7 Rc8 22. Be5 Nd5 23. Nd6 Rcf8 24. Qf3 Bd8 25. Nc4 Be7 26. a3 Nb6 27. Na5 f6
28. Bg3 Rc8 29. b4 Rge8 30. Rfe1 Kg8 31. Qe4 Bd6 32. Bxd6 Qxd6 33. Rc1 Nd5 34.
Rc5 Rc7 35. Rec1 Rec8 36. g3 h6 37. Qc2 Ne7 38. Qc4 Kf7 39. Re1 Nd5 40. Qc2 Ne7
41. Qb3 Nd5 42. Rec1 Ne7 43. R1c4 Nd5 44. Qc2 Ne7 45. Qa4 Qd7 46. Qc2 Qd6 47.
Qe4 Nd5 48. Nb3 Rb8 49. Qc2 Rbc8 50. Ra5 Re8 51. Rcc5 Rb8 52. Qe4 Ne7 53. Rc1
Rd8 54. Rc4 Nd5 55. Kg2 Re8 56. Rc1 Ne7 57. Ra6 Rb8 58. Ra5 Re8 59. h4 Nd5 60.
Ra6 Ne7 61. Na5 Rec8 62. Rc5 Qd7 63. Nb3 Rb8 64. Rca5 Nd5 65. h5 Re8 66. Nc5
Qe7 67. b5 f5 68. Qf3 Nb6 69. bxc6 Kg8 70. Nd3 Rd8 71. Ne5 Nd5 72. Ng6 Qf7 73.
Ne5 Qe7 74. Rb5 Qd6 75. Ra4 f4 76. g4 Rf8 77. Rb7 Ra8 78. Raxa7 Rxa7 79. Rb8+
Qf8 80. Rxf8+ Kxf8 81. Qd3 Nf6 82. Qb3 Ra8 83. Qxe6 1-0

[Event "SR Extraliga 2016/2017"]
[Site "?"]
[Date "2017.03.25"]
[Round "10.3"]
[White "Babula, Vlastimil"]
[Black "Petenyi, Tamas"]
[Result "1-0"]
[WhiteElo "2548"]
[BlackElo "2439"]
[PlyCount "89"]
[EventDate "2016.??.??"]

1. d4 g6 2. c4 Bg7 3. e4 d6 4. Nc3 Nf6 5. Nf3 O-O 6. Be2 Na6 7. O-O c5 8. d5
Nc7 9. Bg5 Bg4 10. Qd2 a6 11. a4 Rb8 12. a5 b5 13. axb6 Rxb6 14. e5 Nfe8 15.
Na4 Rb8 16. exd6 Nxd6 17. Qf4 Bxf3 18. Qxf3 Nf5 19. Bd3 h6 20. Bf4 Nd4 21. Qg3
e5 22. Bxe5 Bxe5 23. Qxe5 Re8 24. Qg3 Rb3 25. Rae1 Nf5 26. Qh3 Qd6 27. Nc3 Qf4
28. Bxf5 gxf5 29. Re3 Rxe3 30. fxe3 Qg4 31. Qxg4+ fxg4 32. Ne4 Rb4 33. Rf4 Rxb2
34. Nxc5 g3 35. hxg3 Ne8 36. Nxa6 Rb6 37. Nc5 Nd6 38. Nd7 Rb1+ 39. Kh2 f5 40.
c5 Ne4 41. Rxf5 Nd2 42. d6 Nf1+ 43. Rxf1 Rxf1 44. c6 Kf7 45. c7 1-0

[Event "SR Extraliga 2016/2017"]
[Site "?"]
[Date "2017.03.25"]
[Round "10.4"]
[White "Czebe, Attila"]
[Black "Mrva, Martin"]
[Result "1-0"]
[WhiteElo "2490"]
[BlackElo "2393"]
[PlyCount "43"]
[EventDate "2016.??.??"]

1. e4 d6 2. d4 Nf6 3. Nc3 a6 4. f4 b5 5. e5 b4 6. Qf3 Ra7 7. exf6 bxc3 8. fxe7
Bxe7 9. Qxc3 O-O 10. Nf3 Bf6 11. Bc4 Re8+ 12. Be3 c5 13. O-O Bg4 14. Ne5 dxe5
15. dxe5 Be7 16. f5 Nc6 17. Bxf7+ Kxf7 18. Qc4+ Kf8 19. f6 Bd6 20. Qxg4 Rxe5
21. fxg7+ Kg8 22. Bh6 1-0

[Event "SR Extraliga 2016/2017"]
[Site "?"]
[Date "2017.03.25"]
[Round "10.5"]
[White "Gazik, Viktor"]
[Black "Bokros, Albert"]
[Result "1-0"]
[WhiteElo "2409"]
[BlackElo "2486"]
[PlyCount "143"]
[EventDate "2016.??.??"]

1. e4 c5 2. Nf3 b6 3. Nc3 Bb7 4. d4 cxd4 5. Nxd4 a6 6. Bd3 e6 7. O-O Qc7 8. Bg5
Bc5 9. Nb3 Be7 10. Qg4 Nf6 11. Qh3 d6 12. Rae1 Nbd7 13. f4 h6 14. Bh4 e5 15.
Kh1 O-O 16. fxe5 dxe5 17. Ne2 Bc8 18. Ng3 Nc5 19. Nf5 Bxf5 20. Rxf5 Nxd3 21.
cxd3 Nh7 22. Bg3 Bd6 23. Qg4 Qe7 24. Ref1 Rad8 25. h4 Bc7 26. R5f3 Rd6 27. Nd2
b5 28. Nb1 Bb6 29. Nc3 Nf6 30. Qf5 Bd4 31. h5 Qe6 32. Bh4 b4 33. Qxe6 fxe6 34.
Na4 Rc6 35. Bxf6 Rxf6 36. Rxf6 gxf6 37. Rxf6 Be3 38. Rf3 Bd4 39. Rf6 Be3 40.
Rf3 Rc1+ 41. Kh2 Bg1+ 42. Kh3 Kg7 43. Rg3+ Kf7 44. Rf3+ Ke7 45. Rg3 Ra1 46.
Rg7+ Kd6 47. Rb7 a5 48. Rb5 Rxa2 49. Rxa5 b3 50. g4 Ke7 51. g5 hxg5 52. Kg4 Kf6
53. Ra8 Be3 54. Ra6 Bd4 55. h6 Bxb2 56. Rxe6+ Kxe6 57. h7 Rxa4 58. h8=Q Rd4 59.
Qg8+ Kd7 60. Qxb3 Bc1 61. Qb5+ Kd6 62. Qb8+ Kd7 63. Qxe5 Rd6 64. Qb5+ Kd8 65.
d4 Be3 66. d5 Bf4 67. Kf5 Rd7 68. e5 Rf7+ 69. Ke4 Rc7 70. d6 Rc1 71. e6 Re1+
72. Kf5 1-0

[Event "SR Extraliga 2016/2017"]
[Site "?"]
[Date "2017.03.25"]
[Round "10.6"]
[White "Varga, Zoltan"]
[Black "Pinter, Erik"]
[Result "1-0"]
[WhiteElo "2433"]
[BlackElo "2384"]
[PlyCount "149"]
[EventDate "2016.??.??"]

1. e4 c5 2. Nf3 d6 3. d4 cxd4 4. Nxd4 Nf6 5. f3 e5 6. Nb3 d5 7. Bg5 d4 8. c3
Nc6 9. Bb5 h6 10. Bh4 Qb6 11. Bxc6+ bxc6 12. cxd4 Ba6 13. Bg3 Nd7 14. Bf2 Qb5
15. Nc3 Bb4 16. Qc2 Bxc3+ 17. bxc3 O-O 18. Be3 Qc4 19. Kf2 exd4 20. Bxd4 c5 21.
Be3 Ne5 22. Rhd1 Nd3+ 23. Kg1 Rad8 24. Rd2 Rd7 25. h3 Rfd8 26. Rad1 Nb4 27. Qb2
Rxd2 28. Rxd2 Rxd2 29. Qxd2 Nd3 30. Kh2 Qb5 31. Kh1 Kh7 32. Bg1 Qc4 33. Kh2 Bb5
34. Be3 Ba6 35. Kg1 Kg8 36. h4 Kh7 37. Kh2 Bb5 38. Qc2 Qe6 39. Kg1 Qc4 40. Nd2
Qa4 41. Qxa4 Bxa4 42. Nc4 Bd7 43. Nd6 Be6 44. a3 a6 45. Kf1 Kg6 46. Ke2 c4 47.
g3 Kh5 48. Bf2 Nb2 49. Kd2 f6 50. g4+ Kg6 51. h5+ Kh7 52. Ne8 Kg8 53. Nc7 Bc8
54. Bg3 Na4 55. Bd6 Kf7 56. Nd5 Be6 57. Nf4 Bd7 58. Bb4 Nb6 59. Ke3 Ba4 60. Ng6
Nd7 61. Bd6 Ke6 62. Bc7 Bd1 63. Nh4 Kf7 64. Nf5 Bb3 65. Bg3 Nc5 66. e5 Nd7 67.
e6+ Kxe6 68. Nxg7+ Kf7 69. Nf5 Nb6 70. Nxh6+ Ke6 71. Nf5 Nd5+ 72. Kd4 Ne7 73.
Ne3 Nc6+ 74. Kc5 Nb8 75. Bxb8 1-0

[Event "SR Extraliga 2016/2017"]
[Site "?"]
[Date "2017.03.25"]
[Round "10.7"]
[White "Krak, Tomas"]
[Black "Bagi, Mate"]
[Result "1/2-1/2"]
[WhiteElo "2309"]
[BlackElo "2450"]
[PlyCount "32"]
[EventDate "2016.??.??"]

1. Nf3 Nf6 2. c4 c5 3. Nc3 d5 4. cxd5 Nxd5 5. g3 Nc6 6. Nxd5 Qxd5 7. Bg2 g6 8.
O-O Bg7 9. d3 O-O 10. Be3 Bxb2 11. Rb1 Bg7 12. Qa4 Qd7 13. Nd2 Qc7 14. Rfc1 Bd7
15. Rxc5 Rac8 16. Rbc1 Qb8 1/2-1/2

[Event "SR Extraliga 2016/2017"]
[Site "?"]
[Date "2017.03.25"]
[Round "10.8"]
[White "Csiba, Dominik"]
[Black "Skreno, Vladimir"]
[Result "1/2-1/2"]
[WhiteElo "2359"]
[BlackElo "2218"]
[PlyCount "105"]
[EventDate "2016.??.??"]

1. Nf3 Nf6 2. c4 g6 3. b4 Bg7 4. Bb2 c6 5. g3 O-O 6. Bg2 d6 7. O-O Nbd7 8. d4
Qc7 9. Nc3 Re8 10. Qb3 e5 11. e3 Nf8 12. Rfd1 Bg4 13. h3 Bf5 14. b5 Ne4 15. Na4
g5 16. g4 Bg6 17. Rac1 Nd7 18. Ba3 Bf8 19. Nc3 Nxc3 20. Qxc3 h6 21. Nd2 e4 22.
Nf1 Rac8 23. Qb3 Nf6 24. Bb2 Bg7 25. Rb1 h5 26. d5 hxg4 27. dxc6 bxc6 28. hxg4
Rb8 29. Bh3 Red8 30. Ng3 a6 31. Bxf6 Bxf6 32. b6 Qb7 33. Bg2 d5 34. a4 Be5 35.
Ne2 Qd7 36. cxd5 cxd5 37. Nd4 Rb7 38. a5 Kg7 39. Kf1 Rh8 40. Nf5+ Bxf5 41. Qxd5
Qxd5 42. Rxd5 Bxg4 43. Rxe5 Bf3 44. Rxg5+ Kf8 45. Bxf3 exf3 46. Ra1 Rd7 47. Rb1
Rb7 48. e4 f6 49. Rg3 Rh1+ 50. Rg1 Rh5 51. Rg3 Rh1+ 52. Rg1 Rh5 53. Rg3 1/2-1/2

[Event "SR Extraliga 2016/2017"]
[Site "?"]
[Date "2017.03.25"]
[Round "10.1"]
[White "Vovk, Jurij"]
[Black "Ftacnik, Lubomir"]
[Result "0-1"]
[WhiteElo "2609"]
[BlackElo "2550"]
[PlyCount "52"]
[EventDate "2016.??.??"]

1. e4 c5 2. Nf3 d6 3. d4 cxd4 4. Nxd4 Nf6 5. Nc3 a6 6. h3 e5 7. Nde2 b5 8. g4
Bb7 9. Bg2 b4 10. Nd5 Nxd5 11. exd5 Nd7 12. Bd2 a5 13. a3 Nb6 14. axb4 axb4 15.
Bxb4 Bxd5 16. O-O Bxg2 17. Kxg2 Be7 18. Nc3 O-O 19. Qf3 Qd7 20. b3 Rxa1 21.
Rxa1 f5 22. Rd1 fxg4 23. Qxg4 Qc6+ 24. Kg1 Rf6 25. Kf1 Rg6 26. Qh5 Rg5 0-1

[Event "SR Extraliga 2016/2017"]
[Site "?"]
[Date "2017.03.25"]
[Round "10.2"]
[White "Pacher, Milan"]
[Black "Stocek, Jiri"]
[Result "1-0"]
[WhiteElo "2453"]
[BlackElo "2568"]
[PlyCount "61"]
[EventDate "2016.??.??"]

1. d4 Nf6 2. c4 e6 3. Nf3 Bb4+ 4. Nbd2 a5 5. e3 b6 6. Bd3 d5 7. O-O Ba6 8. b3
O-O 9. Bb2 a4 10. Rc1 a3 11. Ba1 c5 12. Ne5 Bb7 13. dxc5 bxc5 14. Ndf3 h6 15.
cxd5 exd5 16. Nh4 Re8 17. Nf5 Nc6 18. Nxc6 Bxc6 19. Qf3 Re6 20. Rfd1 Ne8 21. h4
Ra7 22. Qg3 Rg6 23. Qf4 d4 24. f3 Qa8 25. Nxd4 cxd4 26. Bxg6 fxg6 27. Qxd4 Rf7
28. Qxb4 Bxf3 29. Rd2 Bd5 30. Rcd1 Nc7 31. Be5 1-0

[Event "SR Extraliga 2016/2017"]
[Site "?"]
[Date "2017.03.25"]
[Round "10.3"]
[White "Vetoshko, Volodymyr"]
[Black "Zetocha, Claudiu"]
[Result "1-0"]
[WhiteElo "2503"]
[BlackElo "2332"]
[PlyCount "75"]
[EventDate "2016.??.??"]

1. e4 c5 2. Nf3 e6 3. d4 cxd4 4. Nxd4 a6 5. c4 Nf6 6. Nc3 Qc7 7. a3 b6 8. Be3
Bb7 9. f3 d6 10. Be2 Be7 11. O-O O-O 12. Rc1 Nbd7 13. b4 Rac8 14. Qd2 Rfe8 15.
Rfd1 Ne5 16. Na4 Nfd7 17. Kh1 Qb8 18. Bf1 h5 19. Bg5 Bf8 20. h3 Ng6 21. Nc3
Nde5 22. Na4 Nd7 23. Bd3 Nge5 24. Be2 g6 25. Be3 d5 26. cxd5 exd5 27. exd5 b5
28. Nc3 Nb6 29. Bf4 Rxc3 30. Rxc3 Nxd5 31. Rc2 Nxf4 32. Qxf4 Bd6 33. Qd2 Rd8
34. Qg5 Bf8 35. Rcd2 Re8 36. Nf5 f6 37. Qxf6 gxf5 38. Rd8 1-0

[Event "SR Extraliga 2016/2017"]
[Site "?"]
[Date "2017.03.25"]
[Round "10.4"]
[White "Briestensky, Rastislav"]
[Black "Nayhebaver, Martin"]
[Result "0-1"]
[WhiteElo "2310"]
[BlackElo "2448"]
[PlyCount "104"]
[EventDate "2016.??.??"]

1. d4 Nf6 2. Nf3 e6 3. Bf4 b6 4. Nbd2 Bb7 5. e3 g6 6. h3 Bg7 7. Bd3 O-O 8. O-O
d6 9. e4 h6 10. Bh2 Nbd7 11. Qe2 a5 12. Rfd1 Qe7 13. e5 Ne8 14. c3 d5 15. h4 c5
16. Bf4 Nc7 17. Qe3 h5 18. Bg5 Qe8 19. Kh1 Ba6 20. Bc2 Rc8 21. Rac1 f5 22. exf6
Nxf6 23. Bxf6 Bxf6 24. Qh6 Bg7 25. Qxg6 Qxg6 26. Bxg6 Bh6 27. dxc5 bxc5 28. Ra1
Rb8 29. b3 Bg7 30. Rac1 e5 31. Kg1 Ne6 32. Re1 Nf4 33. Nxe5 Bxe5 34. Rxe5 Nxg6
35. Rxd5 Nf4 36. Rg5+ Kh8 37. Re1 Rbd8 38. Ne4 Rfe8 39. Re3 Rg8 40. Nxc5 Rxg5
41. hxg5 Bb5 42. a4 Bc6 43. Kh2 Rd2 44. Ne4 Rb2 45. c4 h4 46. Kg1 Kg7 47. g3
hxg3 48. Nxg3 Kg6 49. Re5 Bf3 50. Re3 Nh3+ 51. Kh2 Nxg5 52. Kg1 Kf6 0-1

[Event "SR Extraliga 2016/2017"]
[Site "?"]
[Date "2017.03.25"]
[Round "10.5"]
[White "Harvan, Richard"]
[Black "Petran, Peter"]
[Result "0-1"]
[WhiteElo "2086"]
[BlackElo "2304"]
[PlyCount "132"]
[EventDate "2016.??.??"]

1. e4 g6 2. d4 Bg7 3. g3 c5 4. Ne2 cxd4 5. Nxd4 Nc6 6. Ne2 d6 7. Bg2 Nf6 8.
Nbc3 O-O 9. O-O Bd7 10. Nf4 Ne5 11. Ncd5 Bc6 12. Re1 Rc8 13. Rb1 b5 14. c3 a6
15. Nd3 Nxd3 16. Qxd3 Nd7 17. Qe2 e6 18. Nb4 Bb7 19. Bf4 Ne5 20. Bxe5 Bxe5 21.
h4 Qb6 22. Kh2 Bg7 23. f4 Rfd8 24. f5 Re8 25. fxg6 hxg6 26. Nd3 Qd8 27. Nf4 Rc5
28. Qg4 Bc8 29. Nd3 Rh5 30. Rf1 Rf8 31. Rf2 a5 32. Qf3 e5 33. Bh3 Bb7 34. Bg4
Rh7 35. Qe2 Qe7 36. Rbf1 d5 37. exd5 Bxd5 38. Bh3 Bxa2 39. Ra1 Bc4 40. Qe3 Qd6
41. Ne1 Bh6 42. Qf3 f5 43. Rd1 Qf6 44. Bf1 Bb3 45. Nc2 e4 46. Qe2 f4 47. Kh1
Qe7 48. Qxb5 Bxc2 49. Rxc2 fxg3 50. Qd5+ Kh8 51. Bh3 Qxh4 52. Qe6 Bg7 53. Kg2
Qf4 54. Re1 Qf3+ 55. Kg1 Rh4 56. Rce2 Qh5 57. Bg2 Qc5+ 58. Re3 Rf3 59. b4 axb4
60. Qe8+ Kh7 61. Qd8 Rxe3 62. Qxh4+ Bh6 63. Rf1 Re1+ 64. Kh1 Rxf1+ 65. Bxf1
bxc3 66. Qg4 Qh5+ 0-1

[Event "SR Extraliga 2016/2017"]
[Site "?"]
[Date "2017.03.25"]
[Round "10.6"]
[White "Franzen, Jozef"]
[Black "Najgebauer, Szemjon"]
[Result "1/2-1/2"]
[WhiteElo "2248"]
[BlackElo "2272"]
[PlyCount "97"]
[EventDate "2016.??.??"]

1. Nf3 d5 2. b3 Nf6 3. Bb2 g6 4. g3 Bg7 5. Bg2 O-O 6. O-O c6 7. d3 Nbd7 8. Nbd2
Re8 9. e4 e5 10. Qe2 d4 11. Ne1 c5 12. Nc4 Qc7 13. a4 b6 14. Bc1 Bb7 15. f4 a6
16. fxe5 Nxe5 17. Nxe5 Qxe5 18. Bf4 Qe7 19. Qd1 b5 20. Bh3 h6 21. Qc1 Kh7 22.
Nf3 Rf8 23. Be5 Nd7 24. Bxg7 Kxg7 25. Qf4 Nf6 26. Rf2 Nh7 27. axb5 axb5 28.
Raf1 Ng5 29. Nxg5 hxg5 30. Qf6+ Qxf6 31. Rxf6 Ra6 32. Rxa6 Bxa6 33. Ra1 Bc8 34.
Bxc8 Rxc8 35. Ra5 c4 36. bxc4 bxc4 37. Rd5 cxd3 38. cxd3 Rc1+ 39. Kg2 Rc2+ 40.
Kf3 Rxh2 41. Rxd4 Kf6 42. Rd8 Ke7 43. Rd5 f6 44. Ra5 Rd2 45. Ra7+ Ke6 46. Ra6+
Ke7 47. Ra3 Ke6 48. Ra6+ Ke7 49. Ke3 1/2-1/2

[Event "SR Extraliga 2016/2017"]
[Site "?"]
[Date "2017.03.25"]
[Round "10.7"]
[White "Klemanic, Emil"]
[Black "Castiglione, Mario"]
[Result "1/2-1/2"]
[WhiteElo "2151"]
[BlackElo "2252"]
[PlyCount "59"]
[EventDate "2016.??.??"]

1. e4 c5 2. Nc3 e6 3. g3 d5 4. d3 dxe4 5. Nxe4 Nf6 6. Bg2 Nxe4 7. Bxe4 Nc6 8.
Ne2 Be7 9. O-O h5 10. Be3 e5 11. f4 Bg4 12. Bf3 Bxf3 13. Rxf3 h4 14. f5 hxg3
15. Nxg3 Nd4 16. Rf2 Bh4 17. Qg4 Qd5 18. c4 Qc6 19. Bxd4 Bxg3 20. Qxg3 exd4 21.
Re1+ Kf8 22. f6 gxf6 23. Rg2 Qxg2+ 24. Kxg2 Rg8 25. Qxg8+ Kxg8 26. Re7 b6 27.
Kf3 Kg7 28. Kf4 Kg6 29. a4 f5 30. Kg3 1/2-1/2

[Event "SR Extraliga 2016/2017"]
[Site "?"]
[Date "2017.03.25"]
[Round "10.8"]
[White "Jancovic, Peter"]
[Black "Frindt, Kornel"]
[Result "0-1"]
[WhiteElo "2246"]
[BlackElo "2178"]
[PlyCount "118"]
[EventDate "2016.??.??"]

1. d4 Nf6 2. c4 g6 3. Nf3 Bg7 4. g3 O-O 5. Bg2 d6 6. O-O Nc6 7. Nc3 Rb8 8. h3
a6 9. Be3 Nd7 10. Rc1 e6 11. Qd2 Ne7 12. Bh6 b6 13. Bxg7 Kxg7 14. Rfd1 Bb7 15.
Qf4 f6 16. Qg4 Bc8 17. b4 Qe8 18. Qe4 Qf7 19. e3 e5 20. d5 h6 21. Qc2 f5 22.
Ne2 g5 23. Kh2 Ng6 24. Nd2 f4 25. Rf1 Nf6 26. c5 bxc5 27. bxc5 g4 28. cxd6 cxd6
29. exf4 gxh3 30. Bxh3 Bxh3 31. Kxh3 exf4 32. Nc3 Qd7+ 33. Kh2 Ng4+ 34. Kg1
fxg3 35. fxg3 Ne3 36. Rxf8 Nxc2 37. Rxb8 Qa7+ 38. Kf1 Ne3+ 39. Ke2 Qxb8 40.
Kxe3 Qb6+ 41. Ke2 Ne5 42. Nde4 Nc4 43. Re1 Qe3+ 44. Kd1 Qd3+ 45. Kc1 Na3 46.
Kb2 Nb5 47. Rd1 Qe3 48. g4 Qf4 49. Nxb5 Qxe4 50. Nd4 Qxg4 51. Ne6+ Kf6 52. Rd4
Qg2+ 53. Kb3 h5 54. Nf4 Qf3+ 55. Ka4 h4 56. Ka5 Ke5 57. Ne6 h3 58. Rh4 Qxd5+
59. Kxa6 Qxa2+ 0-1

[Event "SR Extraliga 2016/2017"]
[Site "?"]
[Date "2017.03.25"]
[Round "10.1"]
[White "Neuman, Petr"]
[Black "Balog, Imre"]
[Result "1/2-1/2"]
[WhiteElo "2430"]
[BlackElo "2560"]
[PlyCount "23"]
[EventDate "2016.??.??"]

1. d4 d5 2. c4 c6 3. cxd5 cxd5 4. Nc3 Nf6 5. Bf4 Nc6 6. e3 a6 7. Nf3 Nh5 8. Bg3
e6 9. Bh4 Qb6 10. a3 Bd7 11. Be2 h6 12. Nd2 1/2-1/2

[Event "SR Extraliga 2016/2017"]
[Site "?"]
[Date "2017.03.25"]
[Round "10.2"]
[White "Kriebel, Tadeas"]
[Black "Mazur, Stefan"]
[Result "1/2-1/2"]
[WhiteElo "2465"]
[BlackElo "2464"]
[PlyCount "90"]
[EventDate "2016.??.??"]

1. c4 Nf6 2. g3 e5 3. Bg2 c6 4. d4 exd4 5. Qxd4 Na6 6. Nf3 Bc5 7. Qe5+ Be7 8.
O-O O-O 9. Nc3 Re8 10. Qf4 Nc5 11. b3 Ne6 12. Qd2 Bb4 13. Bb2 d5 14. cxd5 Nxd5
15. Qc2 Nxc3 16. Bxc3 Bxc3 17. Qxc3 Qb6 18. Rfd1 Nf8 19. e3 Bg4 20. Rd4 Bxf3
21. Bxf3 Rad8 22. Rad1 Ne6 23. Rd7 Rxd7 24. Rxd7 Rd8 25. Qd2 Rxd7 26. Qxd7 Qc7
27. Qxc7 Nxc7 28. Kf1 Kf8 29. Ke2 Ke7 30. Kd3 Kd6 31. Bh5 g6 32. Be2 Kc5 33.
Ke4 f6 34. Bc4 Ne8 35. Bg8 h6 36. Bh7 Nd6+ 37. Kf4 Kb4 38. Bxg6 Kc3 39. e4 Kd4
40. h4 c5 41. a4 b6 42. g4 a6 43. g5 hxg5+ 44. hxg5 fxg5+ 45. Kxg5 Nxe4+
1/2-1/2

[Event "SR Extraliga 2016/2017"]
[Site "?"]
[Date "2017.03.25"]
[Round "10.3"]
[White "Caletka, Radomir"]
[Black "Schwarz, Dusan"]
[Result "1-0"]
[WhiteElo "2359"]
[BlackElo "2319"]
[PlyCount "63"]
[EventDate "2016.??.??"]

1. c4 e5 2. Nc3 Nf6 3. Nf3 Nc6 4. e3 Bb4 5. Qc2 Bxc3 6. Qxc3 Qe7 7. a3 d5 8.
cxd5 Nxd5 9. Qc2 O-O 10. d3 Bg4 11. Be2 Rad8 12. b4 Bxf3 13. gxf3 a6 14. Bb2
Qh4 15. Qd2 Rd6 16. h3 Re8 17. Rc1 Nd4 18. Rc4 b5 19. Rxd4 exd4 20. Bxd4 Nf4
21. Bc5 Rde6 22. e4 Rg6 23. Bf1 Qf6 24. Be3 Nd5 25. exd5 Qxf3 26. Rh2 Rg1 27.
Qe2 Qxd5 28. f4 Rg3 29. Bg2 Qe6 30. Be4 f5 31. Bf2 Rg6 32. Bd5 1-0

[Event "SR Extraliga 2016/2017"]
[Site "?"]
[Date "2017.03.25"]
[Round "10.4"]
[White "Straka, Jozef"]
[Black "Hausner, Ivan"]
[Result "1/2-1/2"]
[WhiteElo "2278"]
[BlackElo "2375"]
[PlyCount "26"]
[EventDate "2016.??.??"]

1. d4 Nf6 2. Nf3 d6 3. Bg5 Nbd7 4. Nbd2 e5 5. dxe5 dxe5 6. e4 Be7 7. Bc4 O-O 8.
O-O Ng4 9. Bxe7 Qxe7 10. c3 Ngf6 11. Re1 b6 12. a4 a5 13. Qb1 Bb7 1/2-1/2

[Event "SR Extraliga 2016/2017"]
[Site "?"]
[Date "2017.03.25"]
[Round "10.5"]
[White "Plachetka, Jan"]
[Black "Chovan, Milan"]
[Result "1/2-1/2"]
[WhiteElo "2356"]
[BlackElo "2288"]
[PlyCount "111"]
[EventDate "2016.??.??"]

1. d4 Nf6 2. Nf3 g6 3. Bg5 Bg7 4. Nbd2 O-O 5. e4 d6 6. c3 c5 7. dxc5 dxc5 8.
Bc4 Nc6 9. h3 Qc7 10. O-O h6 11. Be3 b6 12. Re1 Bb7 13. Qc2 e6 14. a4 Rad8 15.
Bf1 Rd7 16. Nc4 Rfd8 17. Qc1 g5 18. h4 Nxe4 19. hxg5 hxg5 20. Nxg5 Nxg5 21.
Bxg5 f6 22. Bh4 e5 23. Qe3 Ne7 24. Qh3 Nd5 25. Bg3 Nf4 26. Bxf4 exf4 27. Be2
Rd5 28. Bf3 Rg5 29. Rad1 Rxd1 30. Rxd1 Bc8 31. Qh4 Bf8 32. Re1 Bb7 33. Nd2 Rg6
34. Qh5 Rg5 35. Qe8 Bxf3 36. Nxf3 Rg7 37. Qe6+ Qf7 38. Qf5 Qg6 39. Qxg6 Rxg6
40. Re4 Bh6 41. Re8+ Kh7 42. Kf1 Rg7 43. c4 Rd7 44. Ke2 Kg6 45. b3 Kf5 46. Nh4+
Kg5 47. Nf3+ Kf5 48. Rg8 Bg5 49. Re8 Bh6 50. Ne1 Bg5 51. f3 Bh4 52. Nd3 Rg7 53.
Kf1 Rd7 54. Ke2 Rg7 55. Kf1 Rd7 56. Ke2 1/2-1/2

[Event "SR Extraliga 2016/2017"]
[Site "?"]
[Date "2017.03.25"]
[Round "10.6"]
[White "Kolesar, Milan"]
[Black "Cech, Pavel"]
[Result "1/2-1/2"]
[WhiteElo "2183"]
[BlackElo "2354"]
[PlyCount "89"]
[EventDate "2016.??.??"]

1. Nf3 b6 2. g3 Bb7 3. Bg2 g5 4. h3 Bg7 5. d4 h6 6. c4 e6 7. Nc3 Ne7 8. O-O d6
9. e4 Nd7 10. Qc2 a6 11. Re1 O-O 12. Be3 Rb8 13. Rad1 f5 14. exf5 Nxf5 15. d5
e5 16. Nh2 Bc8 17. Ng4 Nf6 18. Nxf6+ Qxf6 19. Rf1 Nd4 20. Bxd4 exd4 21. Ne4 Qg6
22. Rde1 Bd7 23. b3 Rbe8 24. Re2 Be5 25. Rfe1 Rf7 26. Qd2 Ref8 27. g4 Rf3 28.
Bxf3 Rxf3 29. Ng3 d3 30. Rxe5 dxe5 31. Rxe5 Qf6 32. Re1 Qd4 33. Kg2 Rf7 34. Re3
b5 35. Rxd3 Rxf2+ 36. Qxf2 Qxd3 37. Qe2 bxc4 38. bxc4 Qd4 39. Nh5 c6 40. Qe7
Qd2+ 41. Kf3 Qd3+ 42. Kf2 Qd2+ 43. Kf3 Qd3+ 44. Kf2 Qd2+ 45. Kf3 1/2-1/2

[Event "SR Extraliga 2016/2017"]
[Site "?"]
[Date "2017.03.25"]
[Round "10.7"]
[White "Hrabusa, Matej"]
[Black "Duben, Igor"]
[Result "1/2-1/2"]
[WhiteElo "2333"]
[BlackElo "2238"]
[PlyCount "151"]
[EventDate "2016.??.??"]

1. d4 d5 2. Bf4 Nf6 3. e3 c5 4. c3 Nc6 5. Nd2 Qb6 6. Qb3 c4 7. Qc2 g6 8. e4
Nxe4 9. Nxe4 dxe4 10. Bxc4 Bf5 11. Qb3 Qxb3 12. axb3 Bg7 13. Bd5 f6 14. h4 Kd7
15. b4 e6 16. Bb3 e5 17. dxe5 Nxe5 18. Bxe5 fxe5 19. Ne2 Bh6 20. Ra5 e3 21.
fxe3 Bxe3 22. Rxe5 Bb6 23. c4 Rad8 24. c5 Bc7 25. Re3 Rhf8 26. Rf1 Bg4 27. Rxf8
Rxf8 28. Nd4 Bd8 29. g3 Bf6 30. Nb5 Bxb2 31. Nxa7 Bf6 32. Bd5 Kc7 33. Nb5+ Kb8
34. Nd6 Bc8 35. Rf3 Be7 36. Rxf8 Bxf8 37. Ke2 Bg7 38. b5 Be5 39. Kf3 Bd7 40.
Nf7 Bf6 41. c6 bxc6 42. bxc6 Bc8 43. Ng5 h6 44. Nf7 Bg7 45. Nd6 Be5 46. Nc4 Bf6
47. Be4 Kc7 48. Ne3 Be6 49. Ng2 g5 50. h5 Kd6 51. g4 Bd4 52. Ne1 Bb3 53. Kg2
Bb6 54. Nd3 Bc2 55. Kf3 Bxd3 56. Bxd3 Ke5 57. Ke2 Kd5 58. Bb5 Kc5 59. Ba4 Kd4
60. Kd2 Bc7 61. Kc2 Kc4 62. Bb3+ Kc5 63. Kd3 Kxc6 64. Ke4 Kd7 65. Kf5 Ke8 66.
Kg6 Kf8 67. Kxh6 Bf4 68. Kg6 Bd2 69. h6 Bc1 70. Kf6 Bd2 71. h7 Bc3+ 72. Kxg5
Kg7 73. h8=B+ Kxh8 74. Kg6 Bd2 75. g5 Bxg5 76. Kxg5 1/2-1/2

[Event "SR Extraliga 2016/2017"]
[Site "?"]
[Date "2017.03.25"]
[Round "10.8"]
[White "Oprea, Erik"]
[Black "Mraz, Ondrej"]
[Result "1/2-1/2"]
[WhiteElo "2168"]
[BlackElo "2174"]
[PlyCount "58"]
[EventDate "2016.??.??"]

1. c4 e5 2. Nc3 Bb4 3. Qc2 Nf6 4. a3 Bxc3 5. dxc3 d6 6. e4 O-O 7. f3 Be6 8. Be3
Qe7 9. Bd3 a5 10. a4 Nfd7 11. Ne2 Na6 12. O-O Nac5 13. g4 Nxd3 14. Qxd3 Nc5 15.
Bxc5 dxc5 16. Ng3 Rfd8 17. Qe2 Qg5 18. Rfd1 g6 19. Nf1 h5 20. h3 hxg4 21. hxg4
Kg7 22. Qe3 Qe7 23. b3 Rh8 24. Ra2 Rh3 25. Rg2 Qh4 26. Nh2 Rh8 27. Qxc5 Qg5 28.
Rdd2 b6 29. Qf2 Qe7 1/2-1/2

[Event "SR Extraliga 2016/2017"]
[Site "?"]
[Date "2017.03.25"]
[Round "10.1"]
[White "Miton, Kamil"]
[Black "Balogh, Csaba"]
[Result "1/2-1/2"]
[WhiteElo "2617"]
[BlackElo "2632"]
[PlyCount "42"]
[EventDate "2016.??.??"]

1. e4 e5 2. Nf3 Nc6 3. Bb5 Nf6 4. O-O Nxe4 5. Re1 Nd6 6. Nxe5 Be7 7. Bf1 Nxe5
8. Rxe5 O-O 9. d4 Ne8 10. Re1 d5 11. Bf4 Bd6 12. Qd2 Bf5 13. Na3 c6 14. c4 Nc7
15. Rac1 Qd7 16. Bxd6 Qxd6 17. cxd5 Nxd5 18. Nc4 Qd7 19. Ne5 Qd6 20. Nc4 Qd7
21. Ne5 Qd6 1/2-1/2

[Event "SR Extraliga 2016/2017"]
[Site "?"]
[Date "2017.03.25"]
[Round "10.2"]
[White "Michalik, Peter"]
[Black "Bulski, Krzysztof"]
[Result "1/2-1/2"]
[WhiteElo "2578"]
[BlackElo "2524"]
[PlyCount "81"]
[EventDate "2016.??.??"]

1. d4 Nf6 2. c4 g6 3. Nc3 d5 4. cxd5 Nxd5 5. e4 Nxc3 6. bxc3 Bg7 7. Qa4+ Qd7 8.
Qb3 O-O 9. Nf3 b6 10. Bb5 c6 11. Bc4 c5 12. d5 Ba6 13. O-O Bxc4 14. Qxc4 b5 15.
Qb3 e6 16. Rb1 exd5 17. exd5 Na6 18. Bf4 Nc7 19. Bxc7 Qxc7 20. Qxb5 Bxc3 21.
Rbc1 Rab8 22. Qc4 Bb4 23. Nd4 Rb7 24. Nc6 Bd2 25. Rc2 Bf4 26. g3 Bd6 27. Re1
Rb6 28. Qc3 Qd7 29. Kg2 Re8 30. Rxe8+ Qxe8 31. Qf3 Qd7 32. Re2 h5 33. h4 Bf8
34. Kh2 Rb7 35. Ne5 Qd6 36. Nc4 Qa6 37. Qf4 Rb4 38. Rc2 Qb7 39. Qf3 Rb1 40. Rd2
Rb4 41. Na5 1/2-1/2